000 00352nam a22001457a 4500
003 MACL
005 20190827165604.0
008 190827b xxu||||| |||| 00| 0 eng d
040 _cMACL
100 _aSingh,Manoj
_976410
245 _aPt. Madan Mohan Malviya
260 _aNew Delhi
_bNisha Pub .
_c2017
650 _aBiography
_976411
942 _2ddc
_cBK
999 _c60850
_d60850